|
|
|
|
| LEADER |
00000cam a2200000 7i4500 |
| 001 |
0000090049 |
| 005 |
20230125144453.0 |
| 008 |
220915 |
| 020 |
|
|
|a 9781119782148 (paperback)
|
| 041 |
|
|
|a English
|
| 090 |
0 |
0 |
|a 155.646
|b SKE
|
| 100 |
1 |
|
|a Skenazy, Lenore
|
| 245 |
1 |
0 |
|a Free-range kids :
|b how parents and teachers can let go and let grow
|c Lenore Skenazy
|
| 260 |
|
|
|a New Jersey :
|b John Wiley & Sons Inc. ,
|c 2021
|
| 300 |
|
|
|a 277 p. ;
|c 23 cm.
|
| 500 |
|
|
|a Includes index
|
| 541 |
|
|
|c Purchased on 2022
|f KPM/JI/136 KPM
|h RM69.50
|
| 650 |
|
0 |
|a Child rearing
|
| 730 |
0 |
|
|a Title
|
| 999 |
|
|
|a 0001694475
|b Book
|c Adult Collection
|e Perbadanan Perpustakaan Awam Johor
|